مفاتيح النجاح : (رقم التسجيلة. 7885)

تفاصيل مارك
000 -الفاتح
حقل البيانات ثابتة الطول 00793cam a22002171a 4500
001 - رقم الضبط
رقم الضبط AUC_OC_380225
003 - محدد رقم الضبط
رقم الضبط SA-RiAUC
005 - وقت وتاريخ اخر تعامل مع التسجيلة
رقم الضبط 20150408113827.0
008 - عناصر البيانات ثابتة الطول - معلومات عامة
حقل البيانات ثابتة الطول 050412s2010 su a g 00010 ara c
020 ## - الرقم الدولى المعيارى للكتب
الرقم الدولى المعيارى للكتاب الملغى /الخاطئ 978603805220
040 ## - مصدر الفهرسة
وكالة الفهرسة الأصلية mb
وكالة النسخ mb
041 1# - رمز اللغة
رمز لغة النص/ المسارات الصوتية أو العنوان الانفرادي ara
رمز لغة الترجمات و/او الاصلية المتوسطة للنص und
082 04 - رقم تصنيف ديوى العشرى
رقم التصنيف 158.1
رقم الطبعة 21
100 1# - المدخل الرئيسى - إسم شخصى
الإسم الشخصى مارتن، كارلي
9 (RLIN) 22
245 10 - بيان العنوان
العنوان مفاتيح النجاح :
بقية العنوان كل ما تحتاجه من أجل مستقبل أفضل /
بيان المسئوليه,etc تأليف كارلي مارتن ؛ تعريب طلعت أسعد عبد الحميد.
260 ## - PUBLICATION, DISTRIBUTION, ETC. (IMPRINT)
مكان الناشر او الموزع الرياض :
اسم الناشر او الموزع مكتبة الشقري،
تاريخ النشر أو التوزيع 2010
300 ## - الوصف المادى
التعداد 288 ص. :
تفاصيل ماديه اخرى للوعاء إيض. ؛
أبعاد الوعاء 24 سم.
650 #7 - المدخل الاضافى بالموضوع-مصطلح موضوعى
مصطلح موضوعي أو اسم جغرافي كعنصر مدخل النجاح
التقسيم الفرعي العام جوانب نفسية
مصدر الرأس أو المصطلح aucsh
9 (RLIN) 23
700 1# - المدخل الاضافى - اسم شخصى
الإسم الشخصى عبد الحميد، طلعت أسعد
الدور معرب.
9 (RLIN) 21
942 ## - عناصر المدخل الإضافي( كوها)
مصدر التصنيف او مخطط الترفيف Dewey Decimal Classification
Koha [default] item type DVD
المقتنيات
حالة الفقد نموذج السعر الفعال حالة تلف ليس للاعارة رقم الطلب تاريخ الاكتساب الموقع الحالي الباركود الفرع الرئيسي Date last checked out Date last seen نوع المادة فى نظام كوها مصدر التصنيف او خطة الترفيف Total Checkouts
  2013-03-10     158.1 م ك م 2011-05-30 المكتبة المركزية بالمجمعة (CL) 00060031 المكتبة المركزية بالمجمعة (CL) 2015-10-18 2016-02-16 كتاب Dewey Decimal Classification 1
  2013-03-10     158.1 م ك م 2011-05-30 المكتبة المركزية بالمجمعة (CL) 00060030 المكتبة المركزية بالمجمعة (CL)   2013-03-10 كتاب Dewey Decimal Classification  
  2013-03-10     158.1 م ك م 2011-05-30 المكتبة المركزية بالمجمعة (CL) 00060029 المكتبة المركزية بالمجمعة (CL) 2016-04-07 2016-09-25 كتاب Dewey Decimal Classification 1